Estadística matemática con aplicaciones
محفوظ في:
| المؤلفون الرئيسيون: | , |
|---|---|
| مؤلفون آخرون: | |
| التنسيق: | كتاب |
| اللغة: | الإسبانية |
| منشور في: |
Ciudad de México
Pearson Educación
2000
|
| الطبعة: | 6a. ed |
| الموضوعات: | |
| الوسوم: |
إضافة وسم
لا توجد وسوم, كن أول من يضع وسما على هذه التسجيلة!
|
MARC
| LEADER | 00000nam a2200000 a 4500 | ||
|---|---|---|---|
| 001 | UCL7192 | ||
| 003 | CL-VaPUC | ||
| 008 | 040507e20000000MX |||||||||||||||||spa|d | ||
| 020 | |a 9701703898 | ||
| 082 | 0 | 4 | |a 519.5 |b FRE |2 21 |
| 100 | 0 | |a Freund, John E |e author |9 485005 | |
| 700 | |a Miller, Irwin |e autor |9 485006 | ||
| 700 | 0 | |a Miller, Maryless |e author |9 485007 | |
| 245 | 1 | 0 | |a Estadística matemática con aplicaciones |
| 250 | |a 6a. ed | ||
| 300 | |a 624 p | ||
| 942 | |c BK | ||
| 945 | |d 20040507 00:00:00 |a cmena | ||
| 260 | |a Ciudad de México |b Pearson Educación |c 2000 | ||
| 650 | 0 | |a Estadística matemática |9 260028 | |
| 650 | 0 | |a Probabilidades |9 260199 | |
| 650 | 7 | |a DISTRIBUCIONES DE PROBABILIDAD |2 CL-VaPUC |9 336939 | |
| 650 | 7 | |a DISTRIBUCIONES DE MUESTREO |2 CL-VaPUC |9 408417 | |
| 650 | 7 | |a REGRESION |2 CL-VaPUC |9 485008 | |
| 650 | 7 | |a CORRELACION |2 CL-VaPUC |9 485009 | |
| 650 | 0 | |a Análisis de varianza |9 336938 | |
| 583 | |a last modification |c 20040507 00:00:00 |k Rodrigo Vera | ||
| 999 | |c 309044 |d 309042 | ||
| 952 | |0 0 |1 0 |4 0 |6 519_500000000000000_FRE_2000 |7 0 |8 A |9 376128 |a BIBGIM |b BIBGIM |d 2019-11-21 |i 4012364 |o 519.5 FRE 2000 |p 4012364 |r 2025-01-15 |w 2019-11-21 |y BK |k EST | ||
| 952 | |0 0 |1 0 |4 0 |6 519_500000000000000_FRE_2000 |7 0 |8 A |9 376129 |a BIBGIM |b BIBGIM |d 2019-11-21 |i 4012372 |o 519.5 FRE 2000 |p 4012372 |r 2025-01-15 |w 2019-11-21 |y BK |k EST | ||
| 952 | |0 0 |1 0 |4 0 |6 519_500000000000000_FRE_2000 |7 0 |8 A |9 376130 |a BIBGIM |b BIBGIM |d 2019-11-21 |i 4120795 |o 519.5 FRE 2000 |p 4120795 |r 2025-01-15 |w 2019-11-21 |y BK |k EST | ||
| 952 | |0 0 |1 0 |4 0 |6 519_500000000000000_FRE_2000 |7 0 |8 A |9 376131 |a BIBGIM |b BIBGIM |d 2019-11-21 |i 4120809 |o 519.5 FRE 2000 |p 4120809 |r 2025-01-15 |w 2019-11-21 |y BK |k EST | ||
| 952 | |0 0 |1 0 |4 0 |6 519_500000000000000_FRE_2000 |7 0 |8 A |9 376132 |a BIBGIM |b BIBGIM |d 2019-11-21 |i 4120817 |o 519.5 FRE 2000 |p 4120817 |r 2025-01-15 |w 2019-11-21 |y BK |k EST | ||
| 952 | |0 0 |1 0 |4 0 |6 519_500000000000000_FRE_2000 |7 0 |8 A |9 376133 |a BIBGIM |b BIBGIM |d 2019-11-21 |i 4120825 |o 519.5 FRE 2000 |p 4120825 |r 2025-01-15 |w 2019-11-21 |y BK |k EST | ||
| 952 | |0 0 |1 0 |4 0 |6 519_500000000000000_FRE_2000 |7 0 |8 A |9 376134 |a BIBGIM |b BIBGIM |d 2019-11-21 |i 4120833 |o 519.5 FRE 2000 |p 4120833 |r 2025-01-15 |w 2019-11-21 |y BK |k EST | ||
| 952 | |0 0 |1 0 |4 0 |6 519_500000000000000_FRE_2000 |7 0 |8 A |9 376135 |a BIBGIM |b BIBGIM |d 2019-11-21 |i 4160630 |o 519.5 FRE 2000 |p 4160630 |r 2025-01-15 |w 2019-11-21 |y BK |k EST | ||
| 952 | |0 0 |1 0 |4 0 |6 519_500000000000000_FRE_2000 |7 0 |8 A |9 376136 |a BIBGIM |b BIBGIM |d 2019-11-21 |i 4160649 |o 519.5 FRE 2000 |p 4160649 |r 2025-01-15 |w 2019-11-21 |y BK |k EST | ||
| 952 | |0 0 |1 0 |4 0 |6 519_500000000000000_FRE_2000 |7 0 |8 A |9 376137 |a BIBGIM |b BIBGIM |d 2019-11-21 |i 4160657 |l 1 |o 519.5 FRE 2000 |p 4160657 |r 2025-01-15 |s 2023-10-30 |w 2019-11-21 |y BK |k EST | ||
| 952 | |0 0 |1 0 |4 0 |6 519_500000000000000_FRE_2000 |7 0 |8 A |9 376138 |a BIBGIM |b BIBGIM |d 2019-11-21 |i 4160665 |o 519.5 FRE 2000 |p 4160665 |r 2025-01-15 |w 2019-11-21 |y BK |k EST | ||
| 952 | |0 0 |1 0 |4 0 |6 519_500000000000000_FRE_2000 |7 0 |8 A |9 376139 |a BIBGIM |b BIBGIM |d 2019-11-21 |i 4160673 |o 519.5 FRE 2000 |p 4160673 |r 2025-01-15 |w 2019-11-21 |y BK |k EST | ||